Đỉnh cao dẫn dắt doanh nghiệp bằng văn hóa Cách thức các công ty vĩ đại ứng dụng Tháp Nhu cầu Maslow để thành công vượt trội

Quyển sách này có những nội dung về maslow và tôi, chân lý số 1 về mối quan hệ: tháp nhân viên, chân lý số 2 về mối quan hệ: tháp khách hàng, chân lý số 3 về mối quan hệ: tháp nhà đầu tư...

Spremljeno u:
Bibliografski detalji
Glavni autor: Conley, Chip
Autor kompanije: Habana Team Dịch
Format: Knjiga
Jezik:Vietnamese
Izdano: H, Lao Động 2020
Teme:
Oznake: Dodaj oznaku
Bez oznaka, Budi prvi tko označuje ovaj zapis!
Thư viện lưu trữ: Thư viện Trường Đại học Nam Cần Thơ
LEADER 01308nam a22002177a 4500
001 NCT_136938
008 220616b xxu||||| |||| 00| 0 vie d
999 |c 7065  |d 7065 
020 |a 9786046552734  |c 169000 
082 0 4 |2 23rd ed.  |a 658.314  |b C743 
100 1 |a Conley, Chip 
245 1 0 |a Đỉnh cao dẫn dắt doanh nghiệp bằng văn hóa  |b Cách thức các công ty vĩ đại ứng dụng Tháp Nhu cầu Maslow để thành công vượt trội  |c Chip Conley ; Habana team (dịch) 
260 |a H,  |b Lao Động  |c 2020 
300 |a 316 tr.  |b Minh họa  |c 24cm 
500 |a Tên sách tiếng Anh: PEAK: How great companies get their mojo from maslow 
520 3 |a Quyển sách này có những nội dung về maslow và tôi, chân lý số 1 về mối quan hệ: tháp nhân viên, chân lý số 2 về mối quan hệ: tháp khách hàng, chân lý số 3 về mối quan hệ: tháp nhà đầu tư... 
653 |a Quản trị kinh doanh 
710 2 |a Habana Team  |b Dịch 
942 |2 ddc  |c BK 
952 |0 0  |1 0  |2 ddc  |4 0  |6 658_314000000000000_C743  |7 0  |9 25176  |a 000001  |b 000001  |d 2022-06-16  |o 658.314 C743  |p MD.19840  |r 2022-06-16  |v 169000.00  |w 2022-06-16  |y BK 
980 |a Thư viện Trường Đại học Nam Cần Thơ